Score 0/30 Timer 03:00
0 Plays Today
Hint Answer % Correct
✓ Female child ✓GIRL
98.4%
Respiratory organ of fishGILL
97%
Central part of an appleCORE
94.2%
✓ Set of two ✓PAIR
93.8%
Relatively low temperatureCOLD
93.2%
✓ Chemical element Au ✓GOLD
92.4%
Bearded barn animalGOAT
92%
Nat King or NatalieCOLE
92%
Beach bucketPAIL
92%
✓ Protective outer garment ✓COAT
91.8%
Spherical objectBALL
91.1%
PriceCOST
90.4%
✓ Financial institution ✓BANK
89.8%
✓ To scoop water out of a boat ✓BAIL
89.3%
Outrageous insolenceGALL
87.2%
Hint Answer % Correct
To project fishing line onto waterCAST
86.8%
Sudden loud noiseBANG
82.8%
Spiked stick for driving cattleGOAD
79.4%
To soak up sunlightBASK
79.1%
Maintenance and protection CARE
77.5%
Large barrel-like containerCASK
77.1%
Trim off outer edgePARE
72.2%
Juvenile salmonPARR
66.2%
✓ Old, discarded items ✓JUNK
64.1%
Psychiatrist CarlJUNG
58.6%
To close with a stopperBUNG
57.1%
Blues and Soul music styleFUNK
52.3%
✓ To provide money for a purpose ✓FUND
51.4%
✓✓ COMMON . . . well, you know ✓✓BOND
44.5%
Warm and affectionateFOND
44.2%

Today's Daily Dose

Remove Ads.
Support Sporcle.
Get the best of Sporcle when you Go Orange. This ad-free experience offers more features, more stats, and more fun while also helping to support Sporcle. Thank you for becoming a member.

You're not logged in!

Compare scores with friends on all Sporcle quizzes.
OR
Log In

Show Comments

Extras

Top Quizzes Today


Score Distribution

Your Account Isn't Verified!

In order to create a playlist on Sporcle, you need to verify the email address you used during registration. Go to your Sporcle Settings to finish the process.

Report this User

Report this user for behavior that violates our Community Guidelines.

Details: